LEADER 01243nam a2200241 4500 001 000000355722 003 CaOOAMICUS 005 20231016110550.0 008 231016s18121820it a 000 u ita r 040 $aSeMil$bita 245 00$aVite e ritratti di illustri italiani. 264 1$aPadova :$bTipografia Bettoni,$c1812-1820. 300 $a2 v. :$bill. ;$c32 cm 500 $aNicolò Bettoni è il probabile autore del proemio e l'autore della vita di Marcantonio Raimondi; i nomi degli autori delle vite e dei disegnatori e incisori dei ritratti sono elencati nell'"Indice generale delle vite e ritratti d'illustri italiani nell'ordine con cui furono pubblicati", alla fine del v. 2. 500 $aIl vol. 2 stampato a Milano 500 $aPubblicato a dispense 650 4$aUomini celebri - Italia.$0(OLS)http://semarc/subject/29713 700 1 $aBettoni, Nicolò,$c.$0(OLS)http://semarc/name/3818 774 0 $t[1].$dPadova : Tipografia Bettoni, 1812.$w()355723 774 0 $t2.$dPadova : Tipografia Bettoni, 1820.$w()355724 996 $6245$aVite e ritratti di illustri italiani$9(OLS)http://semarc/title/445956 996 $6264$aPadova :$bTipografia Bettoni$9(OLS)http://semarc/publisher/32014 LEADER 00957nam a2200229 i 4500 001 000000184621 003 CaOOAMICUS 005 20100114000000.0 008 100114s1965 sp u000 u spa u 013 $a162603 040 $aSeMil$bita 100 1 $aCabodevilla, Jose Maria.$0(OLS)http://semarc/name/67826 245 10$aCristo vivo :$bvida de Cristo y vida cristiana /$cPor Jose Maria Cabodevilla. 250 $aTercera edicion. 260 $aMadrid :$bBiblioteca de autores cristianos,$c1965. 300 $aXX, 919 p. ;$c20 cm. 490 0 $aBiblioteca de autores cristianos 830 0$aBiblioteca de autores cristianos.$0(OLS)http://semarc/title/428 850 $aSeMil 852 $aSeMil$W1$xVenegono$y1$m2S V 81$j135317$B135317$CSeMilBibl$Z2$F146880 $81 996 $6245$aCristo vivo :$bvida de Cristo y vida cristiana$9(OLS)http://semarc/title/265059 996 $6260$aMadrid :$bBiblioteca de autores cristianos$9(OLS)http://semarc/publisher/29784